Beyond individualism : toward a new understanding of self, relationship, & experiance

Saved in:
Bibliographic Details
Main Author: Wheeler, Gordon 1949-
Format: Book
Language:English
Published: Cambridge : Analytic Press, 2000
Subjects:
Tags: Add Tag
No Tags, Be the first to tag this record!

MARC

LEADER 00000nam a2200000 i 4500
001 1/65338
008 071130s2000 eng d
020 |a 0-88163-334-8 
035 |l 10092696 
040 |a GR-MY-UA  |b gre  |e aacr 
041 0 |a eng 
082 0 |a 302.54  |2 (22) 
100 1 |a Wheeler, Gordon  |d 1949- 
245 1 0 |a Beyond individualism :  |b toward a new understanding of self, relationship, & experiance /  |c Gordon Wheeler 
260 |a Cambridge :   |b Analytic Press,   |c 2000 
300 |a 392 σ.;  |c 22 εκ. 
504 |a Βιβλιογραφία: σ. 387-392. Ευρετήριο 
650 0 0 |a Self. 
650 0 0 |a Individualism. 
650 0 0 |a Interpersonal relations. 
852 |a INST  |b CHIOS  |e 20071130  |h 302.54 WHE  |p 005200028256  |q 005200028256  |t BK  |y 0 
901 |a BIBL2-2007-3 
909 |a Χ  |b 140505 
922 |a 2ΕΛΗ  |b 200711  |c ΕΠΕΑΕΚ2/ΤΔΕ  |d ΕΛΕΥΘΕΡΟΥΔΑΚΗΣ 
970 |a ΑΤΣΑΛΗ  |b ΔΕΣΠΟΙΝΑ  |z 2007/11/30